00607nam a2200145Ia 4500008004100000024005600041082002000097100008600117245003900203260002500242600003400267650003300301952011000334999001700444250506s9999 xx 000 0 und d a07B-046-TE, 07B-050-TE, 07B-049-TE & 07B-042-TE a621.3822072 RIA aAsad Raiz, Syed Faizan Ahmed Yahya, Mohammad Ammad Qadri & Mohammad Zohaib Hassan 0aNovel Algorithm on Data Encryption aKarachi:bUIT,c2007 aTelecommunication Engineering aBachelor of Engineering (BE) 001040708PR-TEaUITUbUITUd2022-07-26l0o621.3822072 RIApTE-44r2025-05-06 11:34:20w2025-05-06yPR c28273d28273